Länder mit den niedrigsten Benzinpreisen - Statistiken

Allgemein
  • Dieses Quiz wurde 158 mal gespielt
  • Das Durchschnittsergebnis liegt bei 18 aus 25
Antwortstatistiken
Platz Land Preis pro Liter in € Kontinent % Korrekt
1. Venezuela 0,02€ Südamerika
92%
22. Saudi-Arabien 0,52€ Asien
91%
2. Iran 0,06€ Asien
90%
20. Kolumbien 0,50€ Südamerika
89%
11. Irak 0,43€ Asien
88%
14. Bolivien 0,46€ Südamerika
84%
14. Ecuador 0,46€ Südamerika
81%
12. Katar 0,44€ Asien
81%
22. Vereinigte Arabische Emirate 0,52€ Asien
79%
4. Kuwait 0,29€ Asien
77%
20. Oman 0,50€ Asien
77%
16. Ägypten 0,47€ Afrika
76%
13. Bahrain 0,45€ Asien
76%
16. Suriname 0,47€ Südamerika
70%
4. Algerien 0,29€ Afrika
69%
7. Turkmenistan 0,36€ Asien
67%
6. Nigeria 0,34€ Afrika
66%
8. Kasachstan 0,37€ Asien
65%
24. Kirgisistan 0,53€ Asien
61%
25. Afghanistan 0,56€ Asien
59%
18. Aserbaidschan 0,49€ Asien
58%
3. Angola 0,21€ Afrika
50%
9. Äthiopien 0,41€ Afrika
50%
18. Haiti 0,49€ Nordamerika
50%
10. Malaysia 0,42€ Asien
49%
Keine übereinstimmenden Quizze gefunden
Verteilung der Resultate
Anzahl Personen mit jedem Resultat
Perzentil nach korrekt beantworteten Fragen
Ihre Resultats-Entwicklung
Sie haben dieses Quiz noch nicht gespielt